Spagna... o Texas? - Statistics

Statistiche generali
  • Questo quiz è stato fatto 35 volte
  • Il punteggio medio è 12 su 20
Statistiche sulle risposte
Domanda Risposta % Corretto
Ha più costa Spagna
94%
Ha una città chiamata Paris Texas
87%
Qui vivono gli armadilli Texas
87%
Ha più mucche Texas
81%
Lo spagnolo e la madrelingua più parlata Spagna
77%
Ha un'elevazione di picco più elevata Spagna
77%
Ha il blu nella sua bandiera (almeno il 5%) Texas
77%
Ha un inno senza testo ufficiale Spagna
71%
È più popolato Spagna
68%
E l'ambientazione del romanzo Per chi suona la campana Spagna
65%
Ha un territorio più vasto Texas
58%
Ha un indice di sviluppo umano più basso Texas
58%
È stato in guerra contro gli Stati Uniti, in modo indipendente o come parte di un'entità più grande Entrambi
55%
Il suo capoluogo e la sua città più popolata Spagna
52%
Il suo punto più a sud si trova a una latitudine inferiore Texas
52%
Una volta era una repubblica Entrambi
42%
Ha più aeroporti Texas
39%
È più cristiano Texas
29%
Ha più residenti stranieri Spagna
23%
Era in gran parte controllato dalla Francia Entrambi
16%
Nessun quiz corrispondente trovato
Distribuzione punteggi
Percentuale di utenti per punteggio
Percentile per numero di risposta
I tuoi punteggi nel tempo
Non hai fatto questo quiz